00576nam a2200157Ia 4500008004100000100001500041245008800056245005100144260004900195260000900244300001200253650001300265856004800278999001900326952007300345170221s9999 xx 000 0 und d aDavid Fehr aDominated assets, the expected utility maxim, and mean-variance portfolio selection cDavid Fehr, Southern New Hampshire University. bJournal of Management and Marketing Research c2012 a32 : 16 xBusiness uhttp://www.aabri.com/manuscripts/131606.pdf c311367d311367 001040aCLbCLd2017-02-21l0r2017-02-21 00:00:00w2017-02-21yFOJ